000 00336nam a2200157Ia 4500
100 _aKanetkar/ Yashwant
250 _a3
942 _cBK
654 _aPointers in C
245 _aUnderstanding Pointers in C
260 _bBPB Publications
_c2001
082 _a005.133'C'
_bKAN
300 _a501
546 _aENGLISH
999 _c20749
_d20749